Journal of Management Studies

Bibliographic Details
Format: eBook
Language:English
Published: Hoboken: Wiley, 1964 -
Subjects:
Online Access:Acceso restringido

MARC

LEADER 00000nam a22000007a 4500
005 20210329221137.0
007 cr|||| ||||
008 210329c19649999us n|w s|||| 0|||b1eng d
022 |a 0022-2380 
035 |a 32901 
040 |a vLex 
090 |c 11385  |d 11385 
245 0 0 |a Journal of Management Studies  |h [Recurso electrn̤ico] / 
256 |a Servicio en ln̕ea 
260 |a Hoboken:  |b Wiley,  |c 1964 - 
300 |a 1 recurso electrn̤ico 
310 |a Irregular 
362 |a Nð 1-1 (Mar. 1964) - 
506 1 |a Disponible solo en los productos indicados  |d vLex Global  |d vLex Global (Academic Edition, excluding Law Schools)  |d vLex Global (Academic Edition, Law Schools) 
650 0 4 |a Derecho Mercantil y de la Empresa  |z Estados Unidos 
740 0 |a vLex Revistas (Servicio en ln̕ea) 
856 4 0 |u https://vlex.com/source/32901  |z Acceso restringido 
942 |c REV 
999 0 |a Commercial and Company Law